000 00163nam a2200073Ia 4500
008 170817s9999 xx 000 0 und d
100 _aGupta.S
245 0 _aSchool Managment
260 _bShipra Pub
999 _c38990
_d38990